| 000 | 02140nam a2200529 i 4500 | ||
|---|---|---|---|
| 001 | 31199 | ||
| 003 | FINmELB | ||
| 005 | 20241216220634.0 | ||
| 006 | m o d | | ||
| 007 | cr cnu|||||||| | ||
| 008 | 171005s2014 sp ob 001 0 spa d | ||
| 020 |
_a9788430961795 _q(e-book) |
||
| 035 | _a(OCoLC)1145091170 | ||
| 040 |
_aFINmELB _bspa _erda _cFINmELB |
||
| 050 | 4 |
_aKKT3042 _bT772 2014 |
|
| 080 | _a35.007 | ||
| 080 | _a007.35 | ||
| 082 | 0 |
_a342.460662 _223 |
|
| 245 | 0 | 0 |
_aTransparencia, acceso a la información pública y buen gobierno : _bestudio de la Ley 19/2013, de 9 de diciembre / _cEmilio Guichot (coordinador) ; Emilio Guichot [y otros 4]. |
| 264 | 1 |
_aMadrid : _bDifusora Larousse - Editorial Tecnos, _c[2014] |
|
| 300 | _a1 recurso en línea (374 páginas) | ||
| 336 |
_atexto _btxt _2rdacontent/spa |
||
| 337 |
_acomputadora _bc _2rdamedia/spa |
||
| 338 |
_arecurso en línea _bcr _2rdacarrier/spa |
||
| 490 | 1 | _aPráctica jurídica | |
| 500 | _aContiene índice. | ||
| 504 | _aContiene bibliografía. | ||
| 588 | _aDescripción basada en metadatos suministrados por el editor y otras fuentes. | ||
| 590 | _aRecurso electrónico. Santa Fe, Arg.: elibro, 2020. Disponible vía World Wide Web. El acceso puede estar limitado para las bibliotecas afiliadas a elibro. | ||
| 650 | 0 |
_aPublic records _xAccess control _zSpain. |
|
| 650 | 4 |
_aRegistros públicos _xControl de acceso _zEspaña. |
|
| 650 | 0 |
_aFreedom of information _zSpain. |
|
| 650 | 4 |
_aLibertad de información _zEspaña. |
|
| 650 | 0 |
_aPublic records _xLaw and legislation _zSpain. |
|
| 650 | 4 |
_aRegistros públicos _xDerecho y legislación _zEspaña. |
|
| 650 | 0 |
_aGovernment information _zSpain. |
|
| 650 | 4 |
_aInformación gubernamental _zEspaña. |
|
| 650 | 0 |
_aCommunication in public administration _zSpain. |
|
| 650 | 4 |
_aInformación pública _zEspaña. |
|
| 655 | 4 | _aLibros electrónicos. | |
| 700 | 1 | _aGuichot, Emilio. | |
| 797 | 2 | _aelibro, Corp. | |
| 830 | 0 | _aPráctica jurídica. | |
| 856 | 4 | 0 | _uhttps://elibro.net/ereader/politecnicointernacional/114654 |
| 999 |
_c31199 _d31199 |
||